000 01538nam a2200301 a 4500
001 BS0003161
003 BR-BrBNA
005 20230802115825.0
008 230308b |||||||| |||| 00| 0 por d
040 _aBR-BrBNA
_bpor
_cBiblioteca Nacional de Agricultura
041 _apor
072 _aC10
090 _aC10 BS0003161
100 1 _aSimas, Ana Maria M
100 1 _aJesus Junior, Carlos S. de
100 1 _aDuarte, Elizabeth M
100 1 _aArantes, Helga Dworschak
100 1 _aPereira Carneiro, Izabel de A. P.
100 1 _aSilva, João Eduardo G da
100 1 _aBrum, Leila M
245 1 _aCurso de Especialização de Oficial de Chancelaria /
260 3 _aBrasilia, DF:
_bFundação Alexandre Gusmão,
_c2014.
300 _a371 p.
520 3 _aO Ministério das Relações Exteriores é o único órgão do Governo Federal que conta com a carreira de Oficial de Chancelaria, que é responsável pela análise técnica e pela gestão administrativa indispensáveis ao bom encaminhamento da política externa brasileira. As monografias que compõem este livro refletem o nível de excelência do quadro de servidores do MRE. Discutindo sobre os mais diversos temas da gestão quotidiana do ltamaraty os autores das diversas monografias apresentadas fazem prova de sua capacidade técnica e de sua análise crítica frente aos desafios de otimização de procedimentos que a Administração Pública enfrenta constantemente.
650 _aEDUCAÇÃO
650 _aRELAÇÕES INTERNACIONAIS
942 _cBK
_2AGRIS
999 _c8223
_d8223